Nicki Minaj songs by album - Statistics

General Stats
  • This quiz has been taken 203 times
  • The average score is 41 of 72
Answer Stats
Nicki Minaj Answer % Correct
Catch Me
97%
PINK FRIDAY (Best Buy Bonus) Wave Ya Hand
96%
THE PINKPRINT (Japanese Bonus) Wamables
91%
THE PINKPRINT (Target & UK Bonus) Mona Lisa
90%
Put You In A Room
90%
PINK FRIDAY (Deluxe) Super Bass
88%
Starships
85%
Anaconda
78%
Roman's Revenge
74%
Only
73%
THE PINKPRINT All Things Go
72%
ROMAN RELOADED Roman Holiday
66%
Va Va Voom
66%
Va Va Voom
66%
Pound The Alarm
65%
Fly
64%
Grand Piano
64%
Moment 4 Life
64%
High School
63%
Did It On Em
61%
Feeling Myself
61%
I Lied
61%
Stupid Hoe
61%
Beez In The Trap
60%
Right Thru Me
60%
The Crying Game
60%
Bed Of Lies
59%
Get On Your Knees
59%
Roman Reloaded
59%
Your Love
58%
Pills N Potions
57%
THE PINKPRINT (iTunes Bonus) Truffle Butter
57%
Whip It
56%
PINK FRIDAY I'm The Best
55%
The Night Is Still Young
55%
Come On A Cone
53%
I Am Your Leader
53%
Shanghai
53%
Marilyn Monroe
52%
Right By My Side
52%
The Boys
52%
Trini Dem Girls
52%
THE PINKPRINT (Deluxe) Big Daddy
50%
Buy A Heart
50%
Champion
50%
HOV Lane
50%
Save Me
50%
Automatic
49%
Blazin
49%
Check It Out
48%
Freedom
48%
Want Some More
47%
Dear Old Nicki
46%
Favorite
46%
Four Door Aventador
45%
Gun Shot
45%
I'm Legit
45%
Sex In The Lounge
45%
Young Forever
45%
Beautiful Sinner
44%
Masquerade
44%
THE RE-UP Up In Flames
44%
Fire Burns
42%
Last Chance
41%
Win Again
41%
I Endorse These Strippers
40%
PINK FRIDAY (iTunes Bonus) Girls Fall Like Dominoes
39%
Here I Am
38%
Hell Yeah
36%
Muny
36%
ROMAN RELOADED (Deluxe) Turn Me On
35%
Blow Ya Mind
26%
No matching quizzes found
Score Distribution
Percent of People with Each Score
Percentile by Number Answered
Your Score History
You have not taken this quiz